| 000 | 00730cam a2200289 4500 | ||
|---|---|---|---|
| 001 | ABS68819 | ||
| 008 | 050322n2005 000 0 eng u | ||
| 035 | _a(Sirsi) u129131 | ||
| 245 | _aRegional: East Midlands | ||
| 260 | _c2005 | ||
| 490 |
_aProperty Week _v70(11) 18 March 2005, 67-94(10) |
||
| 590 | _aABS | ||
| 650 | _aDEVELOPMENT | ||
| 650 | _aREGENERATION | ||
| 650 | _aINVESTMENT | ||
| 650 | _aINDUSTRIAL | ||
| 650 | _aRETAIL | ||
| 650 | _aOFFICES | ||
| 650 | _aRESIDENTIAL | ||
| 650 | _aMIXED-USE DEVELOPMENTS | ||
| 650 | _aMANSFIELD | ||
| 650 | _aRETAIL PARKS | ||
| 650 | _aNORTHAMPTONSHIRE | ||
| 650 | _aSHEDS | ||
| 690 | _aPROPERTY-COMMERCIAL PROPERTY-COMMERCIAL PROPERTY MARKET | ||
| 942 | _n0 | ||
| 999 |
_c74965 _d74965 |
||